Internet communications using SIP : delivering VolP and multimedia services with session protocol

Αποθηκεύτηκε σε:
Λεπτομέρειες βιβλιογραφικής εγγραφής
Κύριος συγγραφέας: Sinnreich, Henry
Μορφή: Βιβλίο
Γλώσσα:English
Δημοσίευση: New York ; Chichester : Wiley, c2006
Θέματα:
Ετικέτες: Προσθήκη ετικέτας
Δεν υπάρχουν, Καταχωρήστε ετικέτα πρώτοι!

MARC

LEADER 00000nam a2200000 i 4500
001 1/53218
008 070830s2006 eng d
020 |a 978-0-471-77657-4 
020 |a 0-471-77657-2 
035 |l 10090227 
040 |a GR-MY-UA  |b gre  |e aacr 
041 0 |a eng 
082 0 |a 621.38502854678  |2 (22) 
100 1 |a Sinnreich, Henry. 
245 1 0 |a Internet communications using SIP :  |b delivering VolP and multimedia services with session protocol /  |c by Henry Sinnreich, Alan B. Johnston 
260 |a New York ; Chichester :   |b Wiley,   |c c2006 
300 |a xxix, 377 σ.;  |b εικ.;  |c 25 εκ. 
504 |a Περιλαμβάνει ευρετήριο 
650 0 0 |a Computer network protocols. 
650 0 0 |a Internet telephony. 
650 0 0 |a Multimedia systems. 
852 |a INST  |b SAMOS  |e 20070830  |h 621.38502854678 SIN  |p 005300028372  |q 005300028372  |t BK  |y 0 
901 |a BIBL3-2007-2 
909 |a Σ  |b 137302 
922 |a 3ΕΛΗ  |b 200707  |c ΕΠΕΑΕΚ2/ΤΜΠΕΣ  |d ΕΛΕΥΘΕΡΟΥΔΑΚΗΣ 
970 |a ΡΟΥΣΣΟΥ  |b ΚΩΝΣΤΑΝΤΙΝΑ  |z 2007/08/30